Ninotchka /

Uloženo v:
Podrobná bibliografie
Hlavní autor: Heymann, Werner Richard (Skladatel)
Další autoři: Lubitsch, Ernst (Režisér), Garbo, Greta (Herec), Brackett, Charles (Scénárista), Claire, Ina (Herec), Lugosi, Béla (Herec), Douglas, Melvyn (Herec), Reisch, Walter (Scénárista), Rumann, Sig (Herec), Bressart, Felix (Herec), Wilder, Billy (Scénárista), Granach, Alexander (Herec)
Médium: Video
Jazyk:italština
Vydáno: Bologna : Ermitage Cinema, c2004
Tagy: Přidat tag
Žádné tagy, Buďte první, kdo vytvoří štítek k tomuto záznamu!

MARC

LEADER 00000ngm a22000007i 4500
001 IT\ICCU\RAV\1245377
003 ItRI
005 20260124182811.0
008 040908s2004 it |||||||||||||||k|||||c
024 3 1 |a 8032632531722 
028 4 2 |a ERM172 
040 |b ita 
041 7 |a ita  |2 ISO-639-2 
082 |a 791.4372  |9 DESCRIZIONE, VALUTAZIONE CRITICA, SCENEGGIATURA DI SINGOLI FILM  |2 19 
130 0 |a Ninotchka <film ; 1939>  |3 IT\ICCU\RAV\1245384 
245 0 0 |a Ninotchka /  |c regia di Ernst Lubitsch ; sceneggiatura: Charles Brackett, Billy Wilder, Walter Reisch ; musiche di Werner Richard Heymann. 
260 |a Bologna :  |b Ermitage Cinema,  |c c2004 
300 |a 1 DVD (106 min.) :  |b sonoro (Dolby digital), b/n ;  |c in contenitore, 19 cm 
500 |a Codice area: tutte; formato video: PAL, 4:3 
500 |a Singola faccia, doppio strato 
500 |a Tit. del contenitore 
500 |a Ripr. del film del 1939, USA; interpreti Greta Garbo, Melvyn Douglas, Ina Claire, Bela Lugosi, Sig Rumann, Felix Bressart, Alexander Granach 
500 |a Lingua: italiano 
500 |a Contiene: biografie, filmografie, curiosità. 
700 1 |a Heymann, Werner Richard  |0 IT\ICCU\CFIV\186871  |4 cmp 
700 1 |a Lubitsch, Ernst  |0 IT\ICCU\RAVV\088506  |4 drt 
700 1 |a Garbo, Greta  |0 IT\ICCU\RAVV\088841  |4 act 
700 1 |a Brackett, Charles  |0 IT\ICCU\RAVV\088843  |4 sce 
700 1 |a Claire, Ina  |0 IT\ICCU\RAVV\088846  |4 act 
700 1 |a Lugosi, Béla  |0 IT\ICCU\RAVV\088986  |4 act 
700 1 |a Douglas, Melvyn  |0 IT\ICCU\RAVV\091136  |4 act 
700 1 |a Reisch, Walter  |0 IT\ICCU\RAVV\099114  |4 sce 
700 1 |a Rumann, Sig  |0 IT\ICCU\RAVV\394935  |4 act 
700 1 |a Bressart, Felix  |0 IT\ICCU\RAVV\394936  |4 act 
700 1 |a Wilder, Billy  |0 IT\ICCU\TO0V\076566  |4 sce 
700 1 |a Granach, Alexander  |0 IT\ICCU\UBOV\893153  |4 act 
790 1 |a Wilder, Samuel  |3 IT\ICCU\LO1V\382573  |z Wilder, Billy 
790 1 |a Wilder, Billie  |3 IT\ICCU\RAVV\505934  |z Wilder, Billy 
942 |2 ddc  |c VM  |n 0 
952 |0 0  |1 0  |4 0  |6 VO_1081_000000000000000  |7 0  |9 26498  |a BO  |b BO  |d 2026-01-24  |i 8729  |l 0  |o VO 1081  |p BO8729  |r 2026-01-24 18:28:11  |w 2026-01-24  |x [Sebina 5] [1 dvd]  |y VM  |z 1 dvd 
999 |c 22403  |d 22403